000 01300aab a2200181 i 4500
001 768714001
003 CO-MdFUSB
005 20240422095206.0
008 221007s1995 ag ||||| |||| 00| 0 spa d
040 _bspa
_cCO-MdFUSB
_dCO-MdFUSB
041 _aspa
245 1 0 _aCarta de la libertad
300 _a Volumen 14, número 1 (enero - marzo, 1995), páginas: 14-15
_c; 27 cm
520 _aL a Carta de la libertad fue aprobada por unanimidad por el Congreso del Pueblo, celebrado en Kliptown, cerca de Johanesburgo, el 25 y 26 de junio de 1955, con la presencia de casi tres mil delegados de toda Sudáfrica. Las asociaciones firmantes (African National Congress, South African In dian Congress, South African Coloured Peoples' Organization y Congress of Democrats) tomaron este documento como base de su lucha por la libertad. Muchos de sus miembros fueron encarcelados y acusados de sedición, entre los cuales se destaca la figura de Nelson Mandela. La traducción de la Carta, excepto mínimos cambios estilísticos, fue proporcionada por el Centro de las Naciones Unidas contra el Apartheid, con sede en Nueva York.
650 0 _91103
_a Libertad
773 0 _tIglesia y Misión
_049402
_959644
_g Volumen 14, número 1 (enero - marzo, 1995), páginas: 14 - 15
_qpágina: 14
942 _cANA
999 _c52118
_d52118